000 00835nam a22002297a 4500
001 44144
003 BD-RjUL
005 20211209053815.0
008 160714s1961 bg ||||| |||| 00| 0 ben d
020 _c: TK 4.00
035 _a(BD-RjUL)44262
040 _aBD-RjUL
_bben
_cBD-RjUL
041 _aben
082 _223
_a891.443
_bSAT 1961
100 _aসান্যাল, প্রবোধ কুমার
_9135540
245 1 0 _aতুচ্ছ /
_cপ্রবোধ কুমার সান্যাল
260 _aঢাকা :
_bষ্ট্যাণ্ডার্ড পাবলিশার্স,
_c১৯৬১ [১৩৬৮]
300 _a২০৫ পৃ. ;
_c২১ সেমি.
650 _aবাংলা উপন্যাস
_9135541
650 _aBengali Fiction
_9135542
942 _2ddc
_cBK
999 _c44144
_d44144